Recurring numbers to Fractions - Statistics

General Stats
  • This quiz has been taken 51 times
  • The average score is 8 of 10
Answer Stats
Number Fraction % Correct
0.3̅ 1-3
95%
0.1̅ 1-9
95%
0.6̅ 2-3
89%
0.2̅ 2-9
89%
0.0̅1̅ 1-99
82%
0.0̅0̅1̅ 1-999
79%
0.0̅9̅ 1-11
76%
0.1̅4̅2̅8̅5̅7̅ 1-7
76%
0.01̅ 1-90
68%
0.1̅0̅ 10-99
55%
No matching quizzes found
Score Distribution
Percent of People with Each Score
Percentile by Number Answered
Your Score History
You have not taken this quiz